Pulse-frequency, high-intensity ion beams based on a vacuum arc; Soviet Physics Journal; Vol. 32, № 8

Detalles Bibliográficos
Parent link:Soviet Physics Journal
Vol. 32, № 8.— 1989.— P. 637-641
Autor principal: Arzubov N. M.
Otros Autores: Isaev G. P., Ryabchikov A. I. Aleksandr Ilyich
Sumario:The production and investigation of pulse-frequency, high-intensity ion beams based on a vacuum arc are examined. The influence of arc discharge parameters, accelerating voltage, residual gas pressure, pulse repetition rate, and geometric dimensions of the accelerator on the ion generation efficiency is analyzed
В фонде НТБ ТПУ отсутствует
Lenguaje:inglés
Publicado: 1989
Materias:
Formato: Capítulo de libro
KOHA link:https://koha.lib.tpu.ru/cgi-bin/koha/opac-detail.pl?biblionumber=599480

MARC

LEADER 00000naa0a2200000 4500
001 599480
005 20250414123828.0
035 |a (RuTPU)RU\TPU\tpu\23549 
035 |a RU\TPU\tpu\23546 
090 |a 599480 
100 |a 20130903d1989 k||y0rusy50 ba 
101 0 |a eng 
102 |a US 
200 1 |a Pulse-frequency, high-intensity ion beams based on a vacuum arc  |f N. M. Arzubov, G. P. Isaev, A. I. Ryabchikov 
320 |a References: p. 641 (11 tit.) 
330 |a The production and investigation of pulse-frequency, high-intensity ion beams based on a vacuum arc are examined. The influence of arc discharge parameters, accelerating voltage, residual gas pressure, pulse repetition rate, and geometric dimensions of the accelerator on the ion generation efficiency is analyzed 
333 |a В фонде НТБ ТПУ отсутствует 
461 |t Soviet Physics Journal 
463 |t Vol. 32, № 8  |v P. 637-641  |d 1989 
610 1 |a труды учёных ТПУ 
700 1 |a Arzubov  |b N. M. 
701 1 |a Isaev  |b G. P. 
701 1 |a Ryabchikov  |b A. I.  |c Professor of Tomsk Polytechnic University, Doctor of physical and mathematical sciences  |c physicist  |f 1950-  |g Aleksandr Ilyich  |3 (RuTPU)RU\TPU\pers\30912 
801 1 |a RU  |b 63413507  |c 20110727 
801 2 |a RU  |b 63413507  |c 20130903  |g RCR 
850 |a 63413507 
942 |c CR